Tous les drapeaux du monde avec au moins une étoile - Statistiques

Statistiques générales
  • Ce quiz a été pris 62 fois
  • Le résultat moyen est 34 sur 69
Statistiques - réponses
Pays % Correct
États-Unis
96%
Australie
93%
Chine
91%
Nouvelle-Zélande
88%
Turquie
80%
Algérie
75%
Tunisie
75%
Maroc
73%
Viêt Nam
70%
Somalie
66%
Cameroun
64%
Brésil
63%
Cuba
63%
Liberia
63%
Chili
61%
Sénégal
61%
Libye
57%
Mauritanie
57%
République Démocratique du Congo
57%
Syrie
57%
Turkménistan
57%
Ghana
55%
Israël
55%
Jordanie
55%
(États Fédérés de) Micronésie
54%
Azerbaidjan
50%
Corée du Nord
50%
Éthiopie
50%
Honduras
50%
Ouzbékistan
50%
Tuvalu
50%
Venezuela
50%
Angola
48%
Pakistan
48%
Panama
48%
Samoa
48%
Togo
48%
Burkina Faso
46%
Malaisie
46%
Nauru
46%
Birmanie
45%
Guinée-Bissau
43%
Papouasie Nouvelle-Guinée
43%
Singapour
43%
Djibouti
41%
Saint-Christophe-et-Niévès
41%
Tadjikistan
41%
Zimbabwe
41%
(Îles) Salomon
39%
Soudan du Sud
39%
Bosnie-Herzégovine
36%
Cap-Vert
36%
Comores
36%
Mozambique
36%
République Centrafricaine
36%
Suriname
36%
Burundi
34%
Philippines
34%
Dominique
32%
(Îles) Marshall
32%
Sao Tomé-et-Principe
32%
Guinée-Équatoriale
30%
Croatie
29%
Népal
29%
Slovénie
29%
Paraguay
27%
Grenade
25%
Moldavie
25%
Timor Leste
4%
Aucun quiz correspondant
Distribution des résultats
% des personnes avec chaque résultat
Percentile par nombre de réponses
Votre historique - résultats
Vous n’avez pas pris ce quiz